[Event "AUTO-OPEN-1362"]
[Site "http://www.queenalice.com/game.php?id=505221"]
[Date "2008.12.9"]
[Round "1"]
[White "ray"]
[Black "JUIZ"]
[Result "0-1"]
[WhiteElo "1550"]
[BlackElo "1030"]

1. c4 e5 2. Nc3 Nc6 3. g3 Bc5 4. Bg2 d6 5. e3 Nf6 6. Nge2 Bg4 7. O-O Qd7 8. d4
Bh3 9. f4 O-O-O 10. dxc5 Bxg2 11. Kxg2 h5 12. cxd6 cxd6 13. fxe5 Nxe5 14. Qa4
Qg4 15. Qxa7 h4 16. Qa8+ Kc7 0-1

[Event "AUTO-OPEN-1362"]
[Site "http://www.queenalice.com/game.php?id=505222"]
[Date "2008.12.9"]
[Round "1"]
[White "JUIZ"]
[Black "ray"]
[Result "1-0"]
[WhiteElo "1030"]
[BlackElo "1550"]

1. e4 c5 2. Nf3 Nc6 3. Bc4 e6 4. d4 cxd4 5. Nxd4 Bc5 6. c3 Nge7 7. Bg5 O-O 8.
O-O f6 9. Nd2 fxg5 10. Bd3 e5 11. Nf5 d6 12. Bc4+ Kh8 13. h4 Nxf5 14. exf5 gxh4
15. Be6 Bxe6 16. fxe6 1-0

[Event "AUTO-OPEN-1362"]
[Site "http://www.queenalice.com/game.php?id=505249"]
[Date "2008.12.9"]
[Round "1"]
[White "pomar"]
[Black "JUIZ"]
[Result "1-0"]
[WhiteElo "1915"]
[BlackElo "1031"]

1. f3 e5 2. Kf2 Nc6 3. e3 Bc5 4. c4 d6 5. a3 Nf6 6. b4 Bxe3+ 7. dxe3 e4 8. Nc3
exf3 9. Qxf3 Bg4 10. Qg3 O-O 11. Bb2 Qe7 12. Nd5 Nxd5 13. cxd5 1-0

[Event "AUTO-OPEN-1362"]
[Site "http://www.queenalice.com/game.php?id=505250"]
[Date "2008.12.9"]
[Round "1"]
[White "JUIZ"]
[Black "pomar"]
[Result "0-1"]
[WhiteElo "1031"]
[BlackElo "1913"]

1. e4 e6 2. Nf3 c5 3. d4 cxd4 4. Nxd4 Qb6 5. Bc4 Bc5 6. c3 e5 7. Be3 exd4 8.
cxd4 Qb4+ 9. Nd2 Bb6 10. b3 Nc6 11. O-O Bxd4 12. a3 Qe7 13. b4 Bxa1 0-1

[Event "AUTO-OPEN-1362"]
[Site "http://www.queenalice.com/game.php?id=505269"]
[Date "2008.12.9"]
[Round "1"]
[White "JUIZ"]
[Black "Dom81"]
[Result "0-1"]
[WhiteElo "1052"]
[BlackElo "2186"]

1. e4 e6 2. Nf3 d5 3. exd5 exd5 4. d4 Nf6 5. Be2 Nc6 6. Bg5 h6 7. Bxf6 Qxf6 8.
O-O Be6 9. Bb5 Bd6 10. c3 O-O 11. Bxc6 bxc6 12. Qd3 Rfb8 13. b3 Bf5 14. Qe2 Re8
15. Qa6 Qg6 16. g3 Bd3 17. Qxc6 Bxf1 18. Kxf1 Qd3+ 19. Kg1 Qxf3 20. Nd2 Qf5 21.
c4 Qd3 22. Nf1 Qxd4 23. Rc1 Qb2 24. Rd1 Qxa2 25. Qxd5 Rab8 26. Qc6 Qxb3 27. Nd2
Qxd1+ 28. Kg2 Qxd2 29. c5 Re2 30. Qf3 Bxc5 0-1

[Event "AUTO-OPEN-1362"]
[Site "http://www.queenalice.com/game.php?id=505270"]
[Date "2008.12.9"]
[Round "1"]
[White "Dom81"]
[Black "JUIZ"]
[Result "1-0"]
[WhiteElo "2187"]
[BlackElo "1050"]

1. d4 d5 2. c4 dxc4 3. e3 e6 4. Nf3 Nc6 5. Nc3 Bb4 6. Bxc4 Nf6 7. a3 Bxc3+ 8.
bxc3 Ne4 9. Qc2 Ng5 10. Nxg5 Qxg5 11. O-O e5 12. f4 Qg6 13. Bd3 f5 14. fxe5 Be6
15. e4 O-O-O 16. exf5 Bxf5 17. Bxf5+ Qxf5 18. Qxf5+ Rd7 19. Bg5 g6 20. Qh3 h5
21. Rf7 Nb8 22. e6 Rxf7 23. exf7+ Nd7 24. Rf1 b6 25. f8=Q+ Rxf8 26. Rxf8+ Kb7
27. Qxd7 h4 28. a4 h3 29. Qc8+ Kc6 30. Rf6+ 1-0

[Event "AUTO-BEG-272"]
[Site "http://www.queenalice.com/game.php?id=505812"]
[Date "2008.12.10"]
[Round "1"]
[White "volga1"]
[Black "JUIZ"]
[Result "1-0"]
[WhiteElo "1771"]
[BlackElo "1030"]

1. e4 e5 2. Nf3 Nc6 3. Bc4 h6 4. O-O Bc5 5. d3 Nf6 6. Nc3 Ng4 7. Nd5 Nd4 8. Nxd4
Bxd4 9. Qxg4 O-O 10. Bxh6 g6 11. Bg5 d6 12. Qh4 Qd7 13. Nf6+ Kg7 14. Qh6# 1-0

[Event "AUTO-BEG-272"]
[Site "http://www.queenalice.com/game.php?id=505813"]
[Date "2008.12.10"]
[Round "1"]
[White "JUIZ"]
[Black "volga1"]
[Result "0-1"]
[WhiteElo "1081"]
[BlackElo "1888"]

1. e4 c5 2. Nf3 e6 3. d4 cxd4 4. Qxd4 Nc6 5. Qd1 Qc7 6. Bb5 a6 7. Bxc6 bxc6 8.
O-O Bc5 9. c4 Ne7 10. Be3 Bxe3 11. fxe3 Qb6 12. Re1 Bb7 13. Qd6 Qxb2 14. Nbd2
Qf6 15. Qc7 Bc8 16. Rab1 O-O 17. Rf1 Qc3 18. Rb3 Qc2 19. e5 Qxa2 20. Rfb1 Nf5
21. Rf1 a5 22. Rbb1 Ba6 23. Ra1 Qc2 24. Qxd7 Nxe3 25. Rac1 Qa4 26. Ra1 Qc2 27.
Rfc1 Qg6 28. g3 Qh5 29. Qxc6 Rfc8 30. Qb6 Qh3 31. Qxe3 Bb7 32. Ne4 Bxe4 33. Qxe4
Qh5 34. Rd1 f5 35. Qd3 f4 36. gxf4 Qg4+ 37. Kf2 Qxf4 38. Qd6 Qf5 39. Ke2 Qe4+
40. Kf2 Qc2+ 41. Nd2 Rf8+ 42. Ke3 Qg6 43. Rg1 Qh6+ 44. Ke4 Qf4+ 45. Kd3 Rad8 46.
Qxd8 Rxd8+ 47. Ke2 Qxd2+ 48. Kf1 Qb2 49. Re1 Rd2 50. c5 Rf2# 0-1

[Event "AUTO-BEG-272"]
[Site "http://www.queenalice.com/game.php?id=505828"]
[Date "2008.12.10"]
[Round "1"]
[White "Ben_Gurion"]
[Black "JUIZ"]
[Result "1-0"]
[WhiteElo "1424"]
[BlackElo "1031"]

1. e4 e5 2. Nf3 Nc6 3. Bc4 h6 4. c3 Bc5 5. O-O d6 6. d4 exd4 7. cxd4 Nf6 8. dxc5
dxc5 9. Qxd8+ Nxd8 10. Nc3 O-O 11. Bf4 a6 12. Bxc7 1-0

[Event "AUTO-BEG-272"]
[Site "http://www.queenalice.com/game.php?id=505829"]
[Date "2008.12.10"]
[Round "1"]
[White "JUIZ"]
[Black "Ben_Gurion"]
[Result "0-1"]
[WhiteElo "1031"]
[BlackElo "1426"]

1. e4 c5 2. Nf3 d6 3. Bb5+ Bd7 4. Bxd7+ Qxd7 5. d4 cxd4 6. Nxd4 Nf6 7. O-O Nxe4
8. f3 Nf6 9. Bg5 Qc7 10. Bxf6 gxf6 11. c3 Nd7 0-1

[Event "AUTO-BEG-308"]
[Site "http://www.queenalice.com/game.php?id=572883"]
[Date "2009.4.16"]
[Round "1"]
[White "ricvila"]
[Black "JUIZ"]
[Result "0-1"]
[WhiteElo "1435"]
[BlackElo "1077"]

1. c4 e5 2. Nc3 Nc6 3. Nf3 Bc5 4. g3 d6 5. Bg2 Nf6 6. O-O O-O 7. a3 a6 8. b4 Bd4
9. Nxd4 Bd7 10. Nxc6 Bxc6 11. d3 Ng4 12. h3 Nf6 13. Bg5 h6 14. Bd2 Bd7 15. Bxb7
Bxh3 16. Re1 Rb8 17. Bg2 Qd7 18. Bh1 Ng4 19. Bg2 Bxg2 20. Kxg2 f5 21. Rh1 f4 22.
Ne4 fxg3 23. fxg3 d5 0-1

[Event "AUTO-BEG-308"]
[Site "http://www.queenalice.com/game.php?id=572884"]
[Date "2009.4.16"]
[Round "1"]
[White "JUIZ"]
[Black "ricvila"]
[Result "1-0"]
[WhiteElo "1107"]
[BlackElo "1405"]

1. e4 e6 2. Nf3 d5 3. e5 c5 4. d4 Qb6 5. a4 Nc6 6. Bb5 Bd7 7. Ng5 a6 8. Qf3 axb5
9. Qxf7+ Kd8 10. Qxf8+ Kc7 11. Qd6+ Kc8 12. Nf7 Nge7 13. Bg5 Re8 14. O-O Nf5 15.
Qxc5 Qxc5 16. Nd6+ Qxd6 17. axb5 Qb8 18. Na3 Nce7 19. c4 Nxd4 20. b6 Nec6 21. c5
h6 22. Bf4 Rf8 23. Be3 Nf5 24. g4 1-0

[Event "AUTO-BEG-308"]
[Site "http://www.queenalice.com/game.php?id=572901"]
[Date "2009.4.16"]
[Round "1"]
[White "JUIZ"]
[Black "ladybird"]
[Result "0-1"]
[WhiteElo "1079"]
[BlackElo "1584"]

1. e4 c5 2. Nf3 a6 3. Bc4 b5 4. Bd5 Nc6 5. Ng5 e6 6. Qf3 Qxg5 7. Bxc6 dxc6 8. d3
Qxc1+ 9. Qd1 Qxd1+ 10. Kxd1 g6 11. Nd2 Bg7 12. c3 Ne7 13. Re1 O-O 14. f4 Rd8 15.
Rc1 Rxd3 16. f5 exf5 17. exf5 Nxf5 18. Re8+ Bf8 19. g4 Nd6 20. Re2 Bxg4 21. b4
Nc4 22. Kc2 Bxe2 0-1

[Event "AUTO-BEG-308"]
[Site "http://www.queenalice.com/game.php?id=572902"]
[Date "2009.4.16"]
[Round "1"]
[White "ladybird"]
[Black "JUIZ"]
[Result "1-0"]
[WhiteElo "1482"]
[BlackElo "1083"]

1. e4 e5 2. Nf3 Nc6 3. Bc4 Bc5 4. c3 d6 5. a4 Bg4 6. b4 Bxf2+ 7. Kxf2 Bxf3 8.
Qxf3 Nf6 9. Rf1 Qe7 10. Kg1 O-O 11. d3 a6 12. Bg5 b5 13. axb5 axb5 14. Rxa8 Rxa8
15. Bxf6 Qxf6 16. Bxf7+ Kf8 17. Qh3 Qh6 18. Qd7 Rd8 19. Be6+ Qf6 20. Rxf6+ gxf6
21. Qf7# 1-0

[Event "AUTO-BEG-308"]
[Site "http://www.queenalice.com/game.php?id=572903"]
[Date "2009.4.16"]
[Round "1"]
[White "JUIZ"]
[Black "Nelsonbento"]
[Result "1-0"]
[WhiteElo "1030"]
[BlackElo "1334"]

1. e4 e5 2. Nf3 d6 3. Bc4 g5 4. d3 g4 5. Ng5 f6 6. Nf7 Qe7 7. Nxh8 Bg7 8. Bf7+
Kd8 9. Bxg8 Bxh8 10. f3 gxf3 11. Qxf3 Qg7 12. Bb3 Bg4 13. Qf2 Nc6 14. O-O Nd4
15. Na3 c6 16. c3 Ne6 17. Bxe6 b5 18. d4 a5 19. dxe5 Bxe6 20. exd6 Kd7 21. Bf4
Rg8 22. Rae1 Bh3 23. g3 Qg4 24. Qa7+ Ke8 25. Qe7# 1-0

[Event "AUTO-BEG-308"]
[Site "http://www.queenalice.com/game.php?id=572904"]
[Date "2009.4.16"]
[Round "1"]
[White "Nelsonbento"]
[Black "JUIZ"]
[Result "1-0"]
[WhiteElo "1306"]
[BlackElo "1058"]

1. e4 Nc6 2. c3 e5 3. h4 Bc5 4. a3 d6 5. b4 Bb6 6. Bb5 Nf6 7. f3 O-O 8. d3 a5 9.
Nd2 d5 10. f4 d4 11. fxe5 Nxe5 12. cxd4 Bxd4 13. Ra2 Nfg4 14. Ngf3 Nf2 15. Qc2
Nxh1 16. Nxd4 Qf6 17. Nf5 Bxf5 18. exf5 Qxf5 19. Ne4 Ng4 20. d4 Rad8 21. Qxc7
Qxe4+ 22. Kd2 Rxd4+ 23. Kc3 Rfd8 24. Kb3 Qb1+ 25. Rb2 Qxc1 26. Qxc1 axb4 27.
axb4 Rd1 28. Qc7 f5 29. Bc4+ Kh8 30. Qxb7 Ne5 31. Ra2 h6 32. Ra8 Rxa8 33. Qxa8+
Kh7 34. Qg8+ Kg6 35. Qe6+ Kh5 36. Qxf5+ Kxh4 37. Qf4+ Ng4 38. b5 g5 39. Qf3 Rd6
40. Qf1 Ng3 41. Qf8 Rf6 42. Qa8 Ne3 43. Kb4 Rf2 44. Qh8 h5 45. b6 Nd1 46. Qd4+
g4 47. Qd8+ Rf6 48. Qxf6# 1-0